Hong Kong population <a> 20-year projection

Gespeichert in:
Bibliographische Detailangaben
Format: Buch
Sprache:Englisch
Veröffentlicht: Hong Kong Census and Statistics Department 1984
Schlagworte:
Tags: Tag hinzufügen
Keine Tags, Fügen Sie das erste Tag hinzu!

MARC

LEADER 00000nam a2200000 4500
001 c108557
005 20260122095133.9
041 0 |a eng 
044 |a GB 
245 1 0 |a Hong Kong population  |b <a> 20-year projection 
264 1 |a Hong Kong  |b Census and Statistics Department  |c 1984 
300 |a 15 s. 
610 2 0 |a Hongkong 
610 2 0 |a vývoj populačný 
610 2 0 |a ukazovatele demografické